000 00304nam a2200097Ia 4500
008 220120s9999||||xx |||||||||||||| ||und||
100 _aNanda, M.P
_912097
245 0 _aVessel identification transmitter
260 _aCoorg Institute of Technology
_bPonnampet
_c2007
650 _aELECTRONICS AND COMMUNICATIONS
999 _c137682
_d137682